farmer's ledivelihood improvement through integrated farming system in borseth district, kompong speu province (ការលើកម្ពស់ជីវភាពគ្រូសារកសិករតាមរយៈការអនុវត្តន៍ប្រព័ន្ធកសិកម្មចម្រុះនៅស្រុកបរសេដ្ធខេត្តកំពង់ស្ពឺ) (Record no. 1382)

000 -LEADER
fixed length control field 00753nam a22001337a 4500
040 ## - CATALOGING SOURCE
Transcribing agency RUA
082 ## - DEWEY DECIMAL CLASSIFICATION NUMBER
Classification number AGR YI 2012 B053 Or.1
100 ## - MAIN ENTRY--AUTHOR NAME
Personal name YI, CHANTHEA.
245 ## - TITLE STATEMENT
Title farmer's ledivelihood improvement through integrated farming system in borseth district, kompong speu province (ការលើកម្ពស់ជីវភាពគ្រូសារកសិករតាមរយៈការអនុវត្តន៍ប្រព័ន្ធកសិកម្មចម្រុះនៅស្រុកបរសេដ្ធខេត្តកំពង់ស្ពឺ)
260 ## - PUBLICATION, DISTRIBUTION, ETC. (IMPRINT)
Place of publication Phnom Penh
Name of publisher RUA
Year of publication 2013
300 ## - PHYSICAL DESCRIPTION
Number of Pages v, 46p.
Other physical details ill.
Dimensions 29cm.
856 ## - ELECTRONIC LOCATION AND ACCESS
Uniform Resource Identifier https://drive.google.com/file/d/1UF93Gt8UbO33r71fkEIfLMKY1tK505-1/view?usp=sharing
942 ## - ADDED ENTRY ELEMENTS (KOHA)
Koha item type AGR
952 ## - LOCATION AND ITEM INFORMATION (KOHA)
Withdrawn status [LOCAL, KOHA] 0
952 ## - LOCATION AND ITEM INFORMATION (KOHA)
Withdrawn status [LOCAL, KOHA] 0
952 ## - LOCATION AND ITEM INFORMATION (KOHA)
Withdrawn status [LOCAL, KOHA] 0
952 ## - LOCATION AND ITEM INFORMATION (KOHA)
Withdrawn status [LOCAL, KOHA] 0
952 ## - LOCATION AND ITEM INFORMATION (KOHA)
Withdrawn status [LOCAL, KOHA] 0
952 ## - LOCATION AND ITEM INFORMATION (KOHA)
Withdrawn status [LOCAL, KOHA] 0
Holdings
Permanent Location Date acquired Koha item type Lost status Shelving location Barcode Current Location Full call number
Library Block B2015-09-28AGR B053RUA000245Library Block BAGR YI 2012 B053 Or.1
Library Block B2015-09-28AGR B053RUA000241Library Block BAGR YI 2012 B053 Or.2
Library Block B2015-09-28AGR B053RUA000234Library Block BAGR YI 2012 B053 Or.3
Library Block B2015-09-29AGR B053RUA004569Library Block BAGR YI 2012 B053 Or.4
Library Block B2016-01-26AGR B053RUA042718Library Block BAGR YI 2012 B053 Or.5
Library Block B2025-08-01AGR  A084101Library Block BAGR YI 2012 B053 Or.6
មជ្ឈមណ្ឌលឯការនៃសាកលវិទ្យាល័យភូមិន្ទកសិកម្មចំការដូង

Powered by Koha